Generacja modeli VHDL równoległych jednostek przetwarzających / (Rekord nr 558)
| 000 -ETYKIETA REKORDU | |
|---|---|
| podpole kontrolne o stałej długości | 01247naa a2200253 i 4500 |
| 001 - NUMER KONTROLNY REKORDU | |
| podpole kontrolne | BPP |
| 003 - IDENTYFIKATOR NUMERU KONTROLNEGO REKORDU | |
| podpole kontrolne | BPK |
| 005 - DATA OSTATNIEJ MODYFIKACJI REKORDU | |
| podpole kontrolne | 20191005093935.0 |
| 008 - POLE O STAŁEJ DŁUGOŚCI - DANE KONTROLNE | |
| podpole kontrolne o stałej długości | 151204s2005 pl f |100 0 pol |
| 040 ## - ŹRÓDŁO KATALOGOWANIA | |
| Instytucja, która utworzyła rekord | BPK |
| 080 ## - UNIWERSALNA KLASYFIKACJA DZIESIĘTNA - UKD | |
| UKD | 621.3.037/.049 |
| 100 ## - NAZWA OSOBOWA | |
| Nazwa osobowa | RATUSZNIAK, Piotr. |
| Lata pracy | 2002 - . |
| Instytucja | Politechnika Koszalińska - Wydział Elektroniki i Informatyki, |
| Wydział | Katedra Inżynierii Komputerowej |
| 245 ## - TYTUŁ/ODPOWIEDZIALNOŚĆ | |
| Tytuł | Generacja modeli VHDL równoległych jednostek przetwarzających / |
| Pozostałe elementy strefy tytułu i oznaczenia odpowiedzialności | Piotr Ratuszniak, Oleg Maslennikow, Przemysław Sołtan. |
| 260 ## - STREFA ADRESU WYDAWNICZEGO | |
| Data publikacji, dystrybucji/powstania dokumentu | 2005. |
| 500 ## - UWAGI OGÓLNE | |
| Tekst uwagi | Dane z bibliografii załącznikowej. |
| 650 #0 - HASŁO PRZEDMIOTOWE W FORMIE NAZWY OGÓLNEJ LUB JEDNOSTKOWEJ | |
| Nazwa ogólna lub geograficzna | Układy cyfrowe. |
| 650 #0 - HASŁO PRZEDMIOTOWE W FORMIE NAZWY OGÓLNEJ LUB JEDNOSTKOWEJ | |
| Nazwa ogólna lub geograficzna | Algorytmy. |
| 655 #0 - TERMIN INDEKSOWY - OKREŚLENIE RODZAJU/FORMY DOKUMENTU | |
| Określnie rodzaju/formy dokumentu | Materiały konferencyjne. |
| 700 ## - HASŁO DODATKOWE - NAZWA OSOBOWA | |
| Nazwa osobowa | SOŁTAN, Przemysław. |
| Lata pracy | 1998 - 2006. |
| Instytucja | Politechnika Koszalińska - Wydział Elektroniki i Informatyki, |
| Wydział | Katedra Inżynierii Komputerowej |
| 711 ## - HASŁO DODATKOWE - NAZWA IMPREZY | |
| Nazwa imprezy | KOWBAN 2005 |
| Oznaczenie części/sekcji dzieła | (12 ; |
| Data imprezy | 2005 ; |
| Miejsce imprezy | Wrocław / Polanica Zdrój, Polska). |
| 773 ## - TYTUŁ DOKUMENTU MACIERZYSTEGO | |
| Wyrażenie wprowadzające | W : |
| Tytuł | Prace Konferencji Krajowej KOWBAN'2005. - |
| Adres wydawniczy | Wrocław : Wrocławskie Towarzystwo Naukowe, 2005. - |
| Informacje dotyczące relacji | s. 127-132 |
| 700 ## - HASŁO DODATKOWE - NAZWA OSOBOWA | |
| Nazwa osobowa | Maslennikow, Oleg |
| Lata pracy | 1996 - 2010. |
| Instytucja | Politechnika Koszalińska - Wydział Elektroniki i Informatyki, |
| Wydział | Katedra Inżynierii Komputerowej |
| 942 ## - HASŁO DODATKOWE - ELEMENTY(KOHA) | |
| Typ dokumentu | Artykuł |
| Schemat klasyfikacji | Uniwersalna klasyfikacja dziesiętna |
Brak dostępnych egzemplarzy.
